<?xml version="1.0" encoding="UTF-8"?>
<collection xmlns="http://www.loc.gov/MARC21/slim">
 <record>
  <leader>04102cam a2200277 a 4500</leader>
  <controlfield tag="001">1/43714</controlfield>
  <controlfield tag="008">031022s2004    enka     b    001 0 eng  </controlfield>
  <datafield tag="020" ind1=" " ind2=" ">
   <subfield code="a">0415335124 (hdbk. : alk. paper)</subfield>
  </datafield>
  <datafield tag="035" ind1=" " ind2=" ">
   <subfield code="l">46643</subfield>
  </datafield>
  <datafield tag="040" ind1=" " ind2=" ">
   <subfield code="a">DLC</subfield>
   <subfield code="c">DLC</subfield>
   <subfield code="d">YDX</subfield>
   <subfield code="d">UKM</subfield>
   <subfield code="d">BAKER</subfield>
   <subfield code="d">NBU</subfield>
   <subfield code="d">NLGGC</subfield>
   <subfield code="d">GR-PeUP</subfield>
  </datafield>
  <datafield tag="082" ind1="0" ind2="0">
   <subfield code="a">378.1΄734 ONL</subfield>
  </datafield>
  <datafield tag="245" ind1="0" ind2="0">
   <subfield code="a">Online education using learning objects /</subfield>
   <subfield code="c">edited by Rory McGreal.</subfield>
  </datafield>
  <datafield tag="260" ind1=" " ind2=" ">
   <subfield code="a">London ;</subfield>
   <subfield code="a">New York :</subfield>
   <subfield code="b">RoutledgeFalmer,</subfield>
   <subfield code="c">2004.</subfield>
  </datafield>
  <datafield tag="300" ind1=" " ind2=" ">
   <subfield code="a">xxv, 361 σ. :</subfield>
   <subfield code="b">εικ. ;</subfield>
   <subfield code="c">25 εκ.</subfield>
  </datafield>
  <datafield tag="490" ind1="1" ind2=" ">
   <subfield code="a">Open &amp; flexible learning series ;</subfield>
  </datafield>
  <datafield tag="504" ind1=" " ind2=" ">
   <subfield code="a">Περιέχει βιβλιογραφία και ευρετήριο.</subfield>
  </datafield>
  <datafield tag="505" ind1="0" ind2=" ">
   <subfield code="a">Part 1: Learning objects and metadata. Learning objects: resources for learning worldwide / Stephen Downes -- A first step towards a theory of learning objects / Mike Sosteric and Susan Hesemeier -- Modelling units of learning from a pedagogical perspective / Rob Koper and Renβe van Es -- Three objections to learning objects / Norm Friesen -- Learning objects revisited / Erik Duval and Wayne Hodgins -- Part 2: Constructing and creating learning objects. Designing effective learning objects / Mohamed Ally -- Learning objects: construction and creation / Stephen Downes -- Signs and objects: modelling learning objects on Peirce's theory of signs / Pithamber R. Polsani -- Transforming existing content into reusable learning objects / Monique Doorten, Bas Giesbers, Josβe Janssen, Jan Daniels and Rob Koper -- Reuse, portability and interoperability of learning content: or, why educational modelling languages? / Peter B. Sloep -- Collaborative evaluation of learning objects / John C. Nesbit and Karen Belfer -- Part 3: Contextualization and standardization of learning objects. Context and the role of standards in increasing the value of learning objects / Robby Robson -- Context and metadata for learning, education, and training / Jon Mason -- Contextualized models and metadata for learning repositories / Heidrun Allert, Christoph Richter, Hadhami Dhraief, and Wolfgang Nejdl -- Moving further in e-learning standardization: towards a reference architecture / Luis Anido -- Reusable learning resources: building metadata management systems supporting interoperable learning object repositories / Demetrios G. Sampson and Pythagoras Karampiperis -- Part 4: Learning object profiles, applications and models. CanCore: guidelines for learning object metadata / Norm Friesen, Susan Hesemeier and Anthony Roberts -- POOL, POND and SPLASH: portals for online objects for learning / Griff Richards, Marek Hatala and Rory McGreal -- The Edutella P2P network: supporting democratic e-learning and communities of practice / Mikael Nilsson, Ambjϝorn Naeve and Matthias Palmβer -- The Explor@2 learning object manager / Gilbert Paquette, Karin Lundgren-Cayrol, Alexis Miara and Louis Guβerette -- The MERLOT model and the scholarship of teaching / Neil R. Kestner -- Part 5: From the Semantic Web to EML and instructional engineering. The Semantic Web and metadata decentralization / Sean B. Palmer -- Beyond educational objects to education modelling languages / Terry Anderson and Anita Petrinjak -- Semantic cobblestones: an interoperability mechanism for learning object repositories / Griff Richards and Marek Hatala -- Knowledge modelling for designing learning object / Fuhua Oscar Lin -- Educational modelling languages from an instructional engineering perspective / Gilbert Paquette -- Appendix: International metadata standards.</subfield>
  </datafield>
  <datafield tag="650" ind1=" " ind2="4">
   <subfield code="a">Internet in higher education.</subfield>
  </datafield>
  <datafield tag="650" ind1=" " ind2="4">
   <subfield code="a">Education, Higher</subfield>
   <subfield code="x">Electronic information resources.</subfield>
  </datafield>
  <datafield tag="650" ind1=" " ind2="4">
   <subfield code="a">Education, Higher</subfield>
   <subfield code="x">Computer-assisted instruction.</subfield>
  </datafield>
  <datafield tag="700" ind1="1" ind2=" ">
   <subfield code="a">McGreal, Rory,</subfield>
   <subfield code="d">1950-</subfield>
  </datafield>
  <datafield tag="830" ind1=" " ind2=" ">
   <subfield code="a">Open &amp; flexible learning series.</subfield>
  </datafield>
  <datafield tag="852" ind1=" " ind2=" ">
   <subfield code="a">INST</subfield>
   <subfield code="b">UNIPILB</subfield>
   <subfield code="c">MAIN</subfield>
   <subfield code="e">20130724</subfield>
   <subfield code="h">378.1΄734 ONL</subfield>
   <subfield code="p">00169308</subfield>
   <subfield code="q">00169308</subfield>
   <subfield code="t">LOAN</subfield>
   <subfield code="y">0</subfield>
   <subfield code="4">1</subfield>
  </datafield>
  <datafield tag="856" ind1="4" ind2="1">
   <subfield code="3">Table of contents only</subfield>
   <subfield code="u">http://www.loc.gov/catdir/toc/ecip0410/2003023345.html</subfield>
  </datafield>
  <datafield tag="856" ind1="4" ind2="2">
   <subfield code="3">Publisher description</subfield>
   <subfield code="u">http://www.loc.gov/catdir/enhancements/fy0651/2003023345-d.html</subfield>
  </datafield>
  <datafield tag="856" ind1="4" ind2=" ">
   <subfield code="d">/webopac/covers/03/46643_0415335124.jpg</subfield>
   <subfield code="z">(hdbk. : alk. paper)</subfield>
  </datafield>
 </record>
</collection>
